000 01202nam a2200265 i 4500
001 bg
100 1 _aGRABAS, Kazimierz
245 1 0 _aZagrożenia środowiska na terenach poeksploatacyjnych rud uranu oraz ich likwidacja /
_cKazimierz Grabas.
260 _aWrocław :
_bOficyna Wydawnicza Politechniki Wrocławskiej,
_c2006.
300 _a286 s. :
_bil. ;
_c24 cm.
490 1 _aPrace Naukowe Instytutu Inżynierii Ochrony Środowiska Politechniki Wrocławskiej.. Monografie,
_x0084-2869 ;
_v46
500 _aTyt. równol.: "The environmental hazards caused by closed down mines of uranium ores and the way of minizing these hazards". Nr. serii gł.: no. 79.
500 _aStreszcz. ang.
504 _aBibliogr. s. 254-272.
650 9 _aUran
_agórnictwo
_xwpływ na środowisko
_zPolska
650 9 _aOdpady górnicze
_xwpływ na środowisko
_zPolska
650 9 _aOdpady górnicze
_xgospodarka
650 9 _aŚcieki przemysłowe
_xunieszkodliwianie
830 0 _aPrace Naukowe Instytutu Inżynierii Ochrony Środowiska Politechniki Wrocławskiej..
_pMonografie
040 _cBPK
041 0 _apol
_beng
080 _a628.5:622:546
942 _cKS
008 s pl f |000 0 pol
999 _c52685
_d52685
856 _uhttp://koha.tu.koszalin.pl/cgi-bin/koha/opac-detail.pl?biblionumber=52685
_yKatalog online BPK